Šanca: keď sa kôň stane koníčkom V Topoľčiankach je naša génová banka plemien
Chov koní na Slovensku, šľachtiteľská a plemenárska práca. Chovateľské podmienky, žrebčíny. Využitie podmienok na podnikanie a agroturistiku.
Gespeichert in:
| 1. Verfasser: | |
|---|---|
| Format: | Buchkapitel |
| Sprache: | Slowakisch |
| Schlagworte: | |
| Tags: |
Keine Tags, Fügen Sie das erste Tag hinzu!
|
MARC
| LEADER | 00000naa a2200000 4500 | ||
|---|---|---|---|
| 001 | r000321 | ||
| 005 | 20221213114011.8 | ||
| 041 | 0 | |a slo | |
| 044 | |a SK | ||
| 245 | 1 | 0 | |a Šanca: keď sa kôň stane koníčkom |b V Topoľčiankach je naša génová banka plemien |c M. Potančok |
| 520 | |a Chov koní na Slovensku, šľachtiteľská a plemenárska práca. Chovateľské podmienky, žrebčíny. Využitie podmienok na podnikanie a agroturistiku. | ||
| 610 | 2 | 0 | |a šľachtiteľstvo |
| 610 | 2 | 0 | |a zvieratá |
| 610 | 2 | 0 | |a Slovensko |
| 610 | 2 | 0 | |a agroturistika |
| 100 | 1 | |a Potančok, Milan | |